00326nam a2200133Ia 4500003000400000005001700004008004100021040000900062082001800071100002400089245003200113260003800145300000900183OSt20201020104546.0190216s9999||||xx |||||||||||||| ||und|| coclc a954.83bCHA/K aChaitanya, Krishna  0aKerala /cKrishna Chaitanya bNational Book Trust India,c1972. a202p